[Event "Basel Carnival op"]
[Site "Basel"]
[Date "2024.02.03"]
[Round "3"]
[White "Stepanians, Markus"]
[Black "Tureshbayev, Anuar"]
[Result "0-1"]
[WhiteElo "1663"]
[BlackElo "1968"]
[PlyCount "52"]
[EventDate "2024.02.02"]
[EventType "swiss"]
[EventRounds "5"]
[EventCountry "SUI"]
[SourceTitle "CB07_2024"]
[SourceDate "2024.02.14"]
[SourceVersion "1"]
[SourceVersionDate "2024.02.14"]
[SourceQuality "1"]

1. e4 c5 2. Be2 d6 3. d3 g6 4. f4 e5 5. Nf3 Bg7 6. a4 Ne7 7. 0-0 exf4 8. Bxf4 Bxb2 9. Ra2 Bg7 10. c4 0-0 11. Qd2 Nbc6 12. Bh6 Ne5 13. Bxg7 Kxg7 14. Nc3 Be6 15. Rb1 Rb8 16. a5 Nxf3+ 17. gxf3 Nc6 18. Nd5 Nd4 19. Rab2 Bxd5 20. cxd5 b5 21. axb6 axb6 22. f4 b5 23. Kh1 f5 24. Ra1 Rb7 25. Bf1 Rff7 26. Qa5 Qe7 0-1

[Event "Davos Summer op 21st"]
[Site "Davos"]
[Date "2022.08.06"]
[Round "2"]
[White "Stepanians, Markus"]
[Black "Boschetti, Claudio"]
[Result "0-1"]
[WhiteElo "1691"]
[BlackElo "2039"]
[PlyCount "44"]
[EventDate "2022.08.05"]
[EventType "swiss"]
[EventRounds "5"]
[EventCountry "SUI"]
[SourceTitle "CBM 209 Extra"]
[Source "ChessBase"]
[SourceDate "2022.09.30"]
[SourceVersion "1"]
[SourceVersionDate "2022.09.30"]
[SourceQuality "1"]

1. e4 e5 2. Nf3 Nc6 3. d4 exd4 4. Nxd4 Bc5 5. Nb3 Bb6 6. Nc3 Qf6 7. Qe2 Nge7 8. Be3 0-0 9. g3 d6 10. Bg2 Bxe3 11. Qxe3 Nb4 12. 0-0-0 a5 13. a3 a4 14. Nd4 Na6 15. Nxa4 Bd7 16. Nc3 Nc5 17. Rhe1 Rfe8 18. Ndb5 Bxb5 19. Nxb5 Na4 20. Qd4 Qh6+ 21. Qd2 Qf6 22. Qd4 Qg5+ 0-1

[Event "Pfaeffikon Acrevis op 2nd"]
[Site "Pfaeffikon"]
[Date "2022.07.30"]
[Round "5"]
[White "Stierli, Jean Paul"]
[Black "Stepanians, Markus"]
[Result "0-1"]
[WhiteElo "1507"]
[BlackElo "1691"]
[PlyCount "70"]
[EventDate "2022.07.28"]
[EventType "swiss"]
[EventRounds "6"]
[EventCountry "SUI"]
[SourceTitle "EXT 2023"]
[Source "ChessBase"]
[SourceDate "2022.10.05"]
[SourceVersion "1"]
[SourceVersionDate "2022.10.05"]
[SourceQuality "1"]

1. e4 d6 2. d4 Nf6 3. Nc3 Nbd7 4. Nf3 e5 5. Bc4 Be7 6. 0-0 0-0 7. Bg5 c6 8. dxe5 dxe5 9. Qe2 b5 10. Bb3 a5 11. a4 b4 12. Na2 Qc7 13. Nd2 Nc5 14. Nc1 Nxb3 15. Ndxb3 c5 16. Rd1 c4 17. Nd2 c3 18. bxc3 Qxc3 19. Ndb3 Ba6 20. Nd3 Rfc8 21. Rac1 Qc6 22. Qf3 Bxd3 23. cxd3 Qxa4 24. Rxc8+ Rxc8 25. Rb1 h6 26. Bh4 Qxb3 27. Rd1 Qe6 28. h3 a4 29. Ra1 a3 30. Qd1 Rc3 31. f3 Qd7 32. Bg3 Bc5+ 33. Kh1 Rxd3 34. Qc1 Bd4 35. Rb1 a2 0-1

[Event "Pfaeffikon Acrevis op 2nd"]
[Site "Pfaeffikon"]
[Date "2022.07.29"]
[Round "2"]
[White "Stepanians, Markus"]
[Black "Staeuble, Florian"]
[Result "0-1"]
[WhiteElo "1691"]
[BlackElo "1804"]
[PlyCount "78"]
[EventDate "2022.07.28"]
[EventType "swiss"]
[EventRounds "6"]
[EventCountry "SUI"]
[SourceTitle "EXT 2023"]
[Source "ChessBase"]
[SourceDate "2022.10.05"]
[SourceVersion "1"]
[SourceVersionDate "2022.10.05"]
[SourceQuality "1"]

1. e4 d6 2. d4 Nf6 3. Nc3 e5 4. Nf3 Nbd7 5. g4 h6 6. Bc4 exd4 7. Qxd4 Nxg4 8. Rg1 Nge5 9. Nxe5 Nxe5 10. Be2 Be6 11. Be3 Nc6 12. Qa4 Bd7 13. Qb3 Na5 14. Qd5 c6 15. Qd2 b6 16. 0-0-0 Qc7 17. Bf4 Nb7 18. e5 0-0-0 19. exd6 Qb8 20. Bf3 Qa8 21. Qe2 Nc5 22. Bg3 Qb7 23. b4 Ne6 24. Qc4 b5 25. Qe4 Ng5 26. Qd3 h5 27. Bh1 h4 28. Bf4 Ne6 29. Be3 g6 30. Ne4 Bg7 31. c4 Qa6 32. cxb5 Qxa2 33. Qc2 Qa3+ 34. Kd2 Qxb4+ 35. Ke2 Qxb5+ 36. Ke1 Qb4+ 37. Bd2 Nd4 38. Qa2 Qb5 39. Rg5 Qe2# 0-1

[Event "Locarno op 7th"]
[Site "Locarno"]
[Date "2022.04.10"]
[Round "4"]
[White "Tuor, Elena"]
[Black "Stepanians, Markus"]
[Result "0-1"]
[WhiteElo "1369"]
[BlackElo "1700"]
[PlyCount "62"]
[EventDate "2022.04.08"]
[EventType "swiss"]
[EventRounds "5"]
[EventCountry "SUI"]
[SourceTitle "CBM 207 Extra"]
[Source "ChessBase"]
[SourceDate "2022.05.31"]
[SourceVersion "1"]
[SourceVersionDate "2022.05.31"]
[SourceQuality "1"]

1. d4 f5 2. Bf4 Nf6 3. Nc3 d6 4. e3 Nbd7 5. Bd3 e5 6. dxe5 dxe5 7. Bg5 Nc5 8. Bb5+ Bd7 9. Bxf6 Qxf6 10. Bxd7+ Nxd7 11. Qe2 Bb4 12. Qc4 Bxc3+ 13. Qxc3 0-0-0 14. Ne2 Nb6 15. 0-0 Rd6 16. Rad1 Rhd8 17. Rd3 Nd5 18. Qc4 e4 19. Rd4 Qe6 20. Rfd1 c6 21. c3 g5 22. Qa4 a6 23. Qa3 f4 24. c4 fxe3 25. cxd5 exf2+ 26. Kh1 e3 27. Qd3 Rf8 28. Ng3 e2 29. Nxe2 f1Q+ 30. Ng1 Qxd3 31. R4xd3 Rxd5 0-1

[Event "Stein am Rhein op 12th"]
[Site "Stein am Rhein"]
[Date "2021.11.06"]
[Round "3"]
[White "Stepanians, Markus"]
[Black "Boschetti, Claudio"]
[Result "1-0"]
[WhiteElo "1684"]
[BlackElo "2001"]
[PlyCount "49"]
[EventDate "2021.11.05"]
[EventType "swiss"]
[EventRounds "5"]
[EventCountry "SUI"]
[SourceTitle "EXT 2023"]
[Source "ChessBase"]
[SourceDate "2022.10.05"]
[SourceVersion "1"]
[SourceVersionDate "2022.10.05"]
[SourceQuality "1"]

1. e4 d6 2. d4 Nf6 3. Nc3 c6 4. f4 Qa5 5. Bd2 Bg4 6. Nf3 e6 7. h3 Bxf3 8. Qxf3 Nbd7 9. Be2 e5 10. dxe5 dxe5 11. Bc4 Qc7 12. 0-0-0 b5 13. Bb3 a5 14. a4 b4 15. Ne2 Bd6 16. Ng3 g6 17. f5 Be7 18. Bh6 Rg8 19. Be3 g5 20. Nh5 g4 21. Nxf6+ Nxf6 22. hxg4 Rxg4 23. Rxh7 Nxh7 24. Qxg4 Bf8 25. Qh4 1-0

[Event "Roveredo op"]
[Site "Roveredo"]
[Date "2020.03.07"]
[Round "3"]
[White "Zahner, Rolf"]
[Black "Stepanians, Markus"]
[Result "0-1"]
[WhiteElo "1382"]
[BlackElo "1723"]
[PlyCount "86"]
[EventDate "2020.03.06"]
[EventType "swiss"]
[EventRounds "5"]
[EventCountry "SUI"]
[SourceTitle "CBM 195 Extra"]
[Source "ChessBase"]
[SourceDate "2020.05.31"]
[SourceVersion "1"]
[SourceVersionDate "2020.05.31"]
[SourceQuality "1"]

1. e4 e5 2. Bc4 Nc6 3. Nf3 Bc5 4. d3 Nf6 5. 0-0 d6 6. a4 Bg4 7. c3 a6 8. Qe2 Qe7 9. b4 Ba7 10. Be3 Bxe3 11. Qxe3 0-0 12. Nbd2 h6 13. h3 Bd7 14. Bb3 Nd8 15. Rac1 Re8 16. Kh2 b5 17. axb5 axb5 18. Ra1 Nb7 19. Rfc1 c5 20. Qe1 Bc6 21. Rxa8 Rxa8 22. Ra1 Rxa1 23. Qxa1 Nd8 24. bxc5 dxc5 25. c4 Nd7 26. cxb5 Bxb5 27. Bc4 Bc6 28. Qb2 Kh7 29. Bb5 f6 30. Bxc6 Nxc6 31. Qb3 Nb4 32. Ne1 Qd6 33. Kg1 Nf8 34. Qc4 Ne6 35. Nb3 Qa6 36. Qxa6 Nxa6 37. g3 Nb4 38. Kf1 g5 39. Ke2 Kg6 40. f3 h5 41. Kf2 h4 42. g4 Kf7 43. Ke2 Nf4+ 0-1

[Event "Stein am Rhein op 11th"]
[Site "Stein am Rhein"]
[Date "2020.02.08"]
[Round "2"]
[White "Ulmer, Robert Andrew"]
[Black "Stepanians, Markus"]
[Result "0-1"]
[WhiteElo "1541"]
[BlackElo "1743"]
[PlyCount "78"]
[EventDate "2020.02.07"]
[EventType "swiss"]
[EventRounds "5"]
[EventCountry "SUI"]
[SourceTitle "CBM 195 Extra"]
[Source "ChessBase"]
[SourceDate "2020.05.31"]
[SourceVersion "1"]
[SourceVersionDate "2020.05.31"]
[SourceQuality "1"]

1. e4 e5 2. Bc4 Nc6 3. a3 Nf6 4. Nc3 Nxe4 5. Bxf7+ Kxf7 6. Nxe4 d5 7. Qf3+ Ke8 8. Nc3 Be6 9. d3 Nd4 10. Qh5+ Kd7 11. Bg5 Be7 12. Bxe7 Qxe7 13. 0-0-0 Qf6 14. Rd2 Rae8 15. Nh3 h6 16. f4 Bf7 17. Qg4+ Be6 18. Qg3 Nf5 19. fxe5 Nxg3 20. exf6 Nxh1 21. fxg7 Rhg8 22. Rd1 Bxh3 23. Nxd5 Bxg2 24. Nf6+ Ke7 25. Nxg8+ Rxg8 26. Kd2 Rxg7 27. Re1+ Kd6 28. Rg1 Nf2 29. Ke3 Nh3 30. Re1 Re7+ 31. Kd2 Rxe1 32. Kxe1 Ke5 33. Ke2 Kf4 34. c4 c5 35. b4 b6 36. bxc5 bxc5 37. a4 a5 38. Kd2 Bc6 39. Kc3 Ke3 0-1